| 000 | 00000nas 2200000za 4500 |
| 001 | 9.503435 |
| 003 | CaOODSP |
| 005 | 20221107133249 |
| 007 | cr ||||||||||| |
| 008 | 150406d2002 onc x m o f0 a0fre|d |
| 040 | |aCaOODSP|bfre |
| 043 | |an-cn--- |
| 086 | 1 |aCP32-78F-PDF |
| 130 | 0 |aDocument d'information/de sondage. |
| 245 | 10|aDocument d'information/de sondage |h[ressource électronique] / |cpréparés pour la Commission sur l'avenir des soins de santé au Canada par la Fondation canadienne de la recherche sur les services de santé. |
| 260 | |aOttawa : |bCommission sur l'avenir des soins de santé au Canada, |c2002. |
| 310 | |aIrrégulier |
| 520 | |a« Une série de neuf documents d’information/de sondage conçus pour aider les Canadiens à prendre des décisions éclairées sur l’avenir du système de santé du Canada. Chacun de ces documents explore trois plans d’action pour faire face à d’importants défis en soins de santé. Le Canada peut choisir quelques-uns de ces plans d’action, comme il peut les adopter tous ou n’en retenir aucun. De nombreuses autres options sont aussi possibles, mais elles ne sont pas abordées ici. » |
| 691 | 07|aSoins de santé|2gcpds |
| 691 | 07|aRégime de soins de santé|2gcpds |
| 691 | 07|aCommission d'enquête|2gcpds |
| 710 | 2 |aCommission sur l'avenir des soins de santé au Canada. |
| 710 | 2 |aFondation canadienne de la recherche sur les services de santé. |
| 775 | 08|tIssue/survey paper |w(CaOODSP)9.507043 |
| 776 | 0#|tDocument d'information/de Sondage / |w(CaOODSP)9.513394 |